Match NBA Player With Team - Statistics

General Stats
  • This quiz has been taken 33 times
  • The average score is 11 of 13
Answer Stats
Team/Number Answer % Correct
Lakers #23 LeBron James
97%
Lakers #77 Luka Doncic
97%
Bucks #34 Giannis Antetokounmpo
90%
Thunder #2 Shai Gilgeous-Alexander
90%
Warriors #30 Stephen Curry
90%
Bucks #0 Damian Lillard
87%
Suns #1 Devin Booker
87%
Suns #35 Kevin Durant
87%
Mavericks #11 Kyrie Irving
87%
Timberwolves #1 Anthony Edwards
83%
Wizards #13 Jordan Poole
83%
Heat #13 Bam Adebayo
77%
Blazers #17 Shaedon Sharpe
33%
No matching quizzes found
Score Distribution
Percent of People with Each Score
Percentile by Number Answered
Your Score History
You have not taken this quiz